000 00274nam a2200121Ia 4500
008 190216s9999||||xx |||||||||||||| ||und||
100 _aMahera Chandr Ghoshi
245 0 _aHindi-Aatvam Fera
260 _bKalpana Prakashan
300 _a112
650 _aHindi
942 _cBK
999 _c16341
_d16341